| 000 | 00787nam a22002417a 4500 | ||
|---|---|---|---|
| 005 | 20250616161813.0 | ||
| 010 | _aENG-145387 | ||
| 020 |
_c250.00 _a9789395659826 |
||
| 035 | _aEN-128919 | ||
| 037 | _bDBAD | ||
| 082 | _a614.405 | ||
| 100 |
_aPorkodi, G. _982076 |
||
| 245 |
_aFundamentals of Soil Science/ _cG. Porkodi...[et.al] |
||
| 250 | _a1 | ||
| 260 |
_bBeyondline Publisher _aBangalore _c2024 |
||
| 270 |
_a513, Ground Floor, Arkavathi Layout, 19th Block Chelikere, Kalyan Nagar _bBangalore _e560043 |
||
| 300 |
_a214p. _c24 cm (pb) |
||
| 700 |
_aSuganya, S. _eAuthor _982077 |
||
| 700 |
_aRamamoorthy, P. _eAuthor _982078 |
||
| 700 |
_aBose, K. Subash Chandra _eAuthor _982079 |
||
| 700 |
_aArulmathi, C. _eAuthor _982080 |
||
| 942 |
_2ddc _cEN _h641.405 _mPOR |
||
| 999 |
_c211835 _d211835 |
||